Manshū ni okeru tsūka oyobi kinʼyū no gaiyō /

Saved in:
நூற்பட்டியல் விவரங்கள்
தலைமை எழுத்தாளர்: Yasumori, Matsunosuke, 1896-
குழும எழுத்தாளர்: Minami Manshū Tetsudō Kabushiki Kaisha. Chōsaka.
வடிவம்: புத்தகம்
மொழி:Japanese
வெளியீடப்பட்டது: [Dairen] : Minami Manshū Tetsudō Kabushiki Kaisha, Shōwa 3 [1928]
தொகுதி:Panfuretto (Minami Manshū Tetsudō Kabushiki Kaisha. Chōsaka) ; dai 54-gō.
பகுதிகள்:
குறியீடுகள்: குறிச்சொல் இணை
குறியீடுகள் இல்லை, இந்த குறிச்சொல்லை முதலில் பதிவு செய்யுங்கள்!
LEADER 01641nam a2200361 a 4500
001 007765793-4
005 20024617121422.0
008 950605s1928 cc a b 000 0 jpn
010 |a 95841616 /AJ 
035 0 |a ocm32746199 
040 |a DLC  |c DLC  |d *YNH*  |d CStRLIN 
043 |a a-cc--- 
050 0 0 |a HG1290.M36  |b Y38 1928 
100 1 |6 880-01  |a Yasumori, Matsunosuke,  |d 1896- 
245 1 0 |6 880-02  |a Manshū ni okeru tsūka oyobi kinʼyū no gaiyō /  |c Minami Manshū Tetsudō Kabushiki Kaisha Shomubu Chōsaka. 
260 |6 880-03  |a [Dairen] :  |b Minami Manshū Tetsudō Kabushiki Kaisha,  |c Shōwa 3 [1928] 
300 |a 4, 75 p., [6] p. of plates :  |b ill. ;  |c 23 cm. 
490 1 |6 880-04  |a Panfuretto ;  |v dai 54-gō 
500 |a Cover title. 
500 |a Prepared by Yasumori Matsunosuke. Cf. Pref. 
504 |a Includes bibliographical references (p. 74-75). 
650 0 |a Money  |z China  |z Manchuria. 
650 0 |a Financial institutions  |z China  |z Manchuria. 
710 2 |6 880-05  |a Minami Manshū Tetsudō Kabushiki Kaisha.  |b Chōsaka. 
880 1 |6 100-01  |a 安盛松之助,  |d 1896- 
880 1 0 |6 245-02  |a 滿洲に於ける通貨及金融の槪要 /  |c 南滿洲鐵道株式會社庶務部調查課. 
880 |6 260-03  |a [Dairen] :  |b 南滿洲鐵道株式會社,  |c 昭和 3 [1928] 
880 1 |6 490-04  |a パンフレット ;  |v 第54號 
880 1 |6 710-05  |a 南滿洲鐵道株式會社.  |b 調查課. 
830 0 |6 880-06  |a Panfuretto (Minami Manshū Tetsudō Kabushiki Kaisha. Chōsaka) ;  |v dai 54-gō. 
880 0 |6 830-06  |a パンフレット (Minami Manshū Tetsudō Kabushiki Kaisha. Chōsaka) ;  |v 第54號. 
988 |a 20021219 
906 |0 DLC